Es la hora de Costa Rica /

Por constituir una reflexión sobre el cambio de época en este fin de milenio y por referirse a los grandes retos, que le esperan a Costa Rica, la Revista Parlamentaria reproduce las palabras pronunciadas por el Presidente de la Asamblea Legislativa, el pasado primero de mayo de 1998, en la sesión in...

Volledige beschrijving

Bewaard in:
Bibliografische gegevens
Hoofdauteur: Fishman, Luis
Formaat: Texto
Onderwerpen:
Tags: Voeg label toe
Geen labels, Wees de eerste die dit record labelt!

MARC

LEADER 00000 a a2200000 04500
001 17084
003
040
100 |a Fishman, Luis  
245 |a Es la hora de Costa Rica /  |c Luis Fishman 
520 |a Por constituir una reflexión sobre el cambio de época en este fin de milenio y por referirse a los grandes retos, que le esperan a Costa Rica, la Revista Parlamentaria reproduce las palabras pronunciadas por el Presidente de la Asamblea Legislativa, el pasado primero de mayo de 1998, en la sesión inaugural del período constitucional 1998-2002. REV//JMML  
650 |a DOCUMENTOS PRIMARIOS  
650 |a PARLAMENTO  
773 |g volumen 6, número 2; páginas 15-25  
999 |c 26650  |d 26650